Music Quiz

Random Music or Lyrics Quiz

Guess The My Chemical Romance Song #1 Quiz Stats

 Plays Quiz not verified by Sporcle

Support Sporcle.
Go Orange.
Score 0/227 Timer 10:00
0 Plays Today
Answer % Correct
a
92.1%
And
92.1%
and
92.1%
A
92.1%
and
92.1%
the
92.1%
and
92.1%
And
91.9%
And
91.9%
A
91.9%
and
91.9%
the
91.9%
And
91.9%
and
91.9%
And
91.9%
A
91.9%
and
91.9%
the
91.9%
And
91.9%
and
91.9%
And
91.9%
And
91.9%
the
91.9%
a
91.9%
And
91.9%
you
87.8%
you
87.8%
you
87.8%
you
87.8%
you
87.8%
you
87.8%
we
80.2%
we
80.2%
To
72.3%
to
72.3%
I
70.7%
I
70.5%
I
70.5%
I
70.5%
I
70.5%
I
70.5%
I
70.5%
I
70.5%
I
70.5%
me
68.2%
me
68.2%
me
68.2%
do
64.7%
do
64.6%
Your
64.4%
your
64.4%
your
64.4%
your
64.4%
in
61.7%
in
61.7%
no
60.2%
we'll
59.7%
well
59.7%
we'll
59.6%
we'll
59.6%
we'll
59.6%
it
59.3%
it
59.3%
if
58.4%
on
57.1%
can
56.7%
be
56.2%
be
56.2%
I'm
53.2%
I'm
53.2%
of
52.6%
of
52.6%
of
52.6%
is
51.2%
is
51.2%
for
50.3%
Answer % Correct
for
50.3%
for
50.3%
never
48%
all
48%
All
48%
never
47.9%
this
47.7%
this
47.7%
this
47.7%
this
47.7%
that
45%
that
45%
that
45%
can't
43.5%
I'll
43.5%
I'll
43.5%
could
42.2%
what
42.2%
her
41.5%
her
41.5%
her
41.5%
her
41.5%
there
41%
say
39.8%
say
39.8%
Just
39.8%
just
39.8%
Just
39.8%
then
38.8%
then
38.8%
then
38.8%
was
38.4%
see
37.4%
with
37.4%
with
37.4%
we're
36.9%
where
36.5%
one
36.5%
As
35.9%
as
35.9%
As
35.9%
as
35.9%
would
35%
way
34.7%
die
33.9%
at
33.7%
at
33.7%
down
33.4%
again
33.4%
down
33.4%
again
33.4%
down
33.4%
I've
32.4%
I've
32.4%
out
31.5%
from
30.7%
time
28.9%
time
28.9%
up
28.9%
fall
28%
fall
28%
here
27.7%
end
27.2%
took
26.9%
kiss
25.5%
kiss
25.5%
thought
25.1%
thought
25.1%
stay
24.8%
Without
22.2%
Without
22.2%
goodbye
21.7%
goodbye
21.7%
goodbye
21.7%
goodbye
21.7%
sound
21.6%
Answer % Correct
sound
21.6%
alone
21.3%
away.
21%
been
20.7%
feet
20.5%
feet
20.5%
red
20.2%
red
20.2%
roses
19.6%
roses
19.6%
every
19.5%
tomorrow
19%
tomorrow
19%
blue
18.5%
shell
18.5%
shell
18.5%
into
18.2%
back
17.9%
front
17.8%
asking
17.8%
asking
17.8%
it'd
17.6%
put
17.2%
these
17.2%
twisted
16.9%
twisted
16.9%
show
16.9%
hundredth
16.7%
hundredth
16.7%
things
16.7%
dressed
16.4%
wear
16.4%
laugh
16.4%
wedding
16.1%
gown
16.1%
rice
16%
rice
16%
grains
15.2%
grains
15.2%
keep
15.2%
Imaginary
14.6%
dragged
14.3%
wish
14.3%
left
14.1%
thinking
14.1%
thousand
13.2%
squeezed
13.1%
more
12.9%
Let's
12.8%
Let's
12.8%
bodies
12.6%
enough
12.3%
piled
12.2%
hands
12.2%
killed
12%
poison
12%
times
11.7%
cheap
11.7%
champagne
11.6%
ring
11.1%
moment
10.9%
held
10.8%
prove
10.6%
celebrate
10.6%
wash
10.5%
cold
10%
engagement
10%
stared
9.9%
adore
9.7%
stained
9.7%
kerosene
9.7%
lifeless
9.4%
making
9.3%
inch
8.7%
sanity
7.9%

You're not logged in!

Compare scores with friends on all Sporcle quizzes.
OR
Log In

From the Vault

How'd They Meet?: Presidents & First Ladies Edition

by Hejman

"We haven’t been careless with the treasure that is ours — namely what we are to each other."
Remove Ads.
Support Sporcle.
Get the best of Sporcle when you Go Orange. This ad-free experience offers more features, more stats, and more fun while also helping to support Sporcle. Thank you for becoming a member.

Show Comments

Extras

Top Quizzes Today


Score Distribution

Your Account Isn't Verified!

In order to create a playlist on Sporcle, you need to verify the email address you used during registration. Go to your Sporcle Settings to finish the process.

Report this User

Report this user for behavior that violates our Community Guidelines.

Details: